[Event "Wiesbaden op 29th"]
[Site "Wiesbaden"]
[Date "2017.08.25"]
[Round "2"]
[White "Wolf, Andreas"]
[Black "Salecker, Phil"]
[Result "1-0"]
[WhiteElo "1993"]
[BlackElo "1673"]
[PlyCount "65"]
[EventDate "2017.08.24"]
[EventType "swiss"]
[EventRounds "7"]
[EventCountry "GER"]
[SourceTitle "CBM 180 Extra"]
[Source "ChessBase"]
[SourceDate "2017.10.06"]
[SourceVersion "1"]
[SourceVersionDate "2017.10.06"]
[SourceQuality "1"]

1. d4 d5 2. Nf3 Nf6 3. c4 c6 4. Nc3 e6 5. e3 Bd6 6. Qc2 dxc4 7. Bxc4 0-0 8. 0-0 Nbd7 9. Rd1 Nb6 10. Be2 Qc7 11. h3 Nbd5 12. e4 Nxc3 13. bxc3 Be7 14. e5 Nd5 15. c4 Nb6 16. Qe4 Rd8 17. Bd3 g6 18. Bg5 Bxg5 19. Nxg5 Kg7 20. Qh4 Rh8 21. Ne4 Qd8 22. Qf4 Nd7 23. Be2 Qe7 24. Rd3 f6 25. exf6+ Nxf6 26. Qe5 Rf8 27. Rf3 h6 28. h4 h5 29. Rb1 b6 30. Rbb3 Bb7 31. Rf4 Rf7 32. Ng5 Raf8 33. Nxe6+ 1-0

[Event "Hessen-ch qual-F"]
[Site "Erlensee"]
[Date "2007.04.08"]
[Round "5"]
[White "Salecker, Phil"]
[Black "Petrov, Petr"]
[Result "1-0"]
[WhiteElo "1143"]
[BlackElo "1064"]
[PlyCount "55"]
[EventDate "2007.04.06"]
[EventType "swiss"]
[EventRounds "5"]
[EventCountry "GER"]
[SourceTitle "CBM 117 Extra"]
[Source "ChessBase"]
[SourceDate "2007.05.09"]
[SourceVersion "1"]
[SourceVersionDate "2007.05.09"]
[SourceQuality "1"]

1. e4 d6 2. Nc3 Nf6 3. Bc4 g6 4. d3 Bg7 5. f4 c6 6. Bd2 Bg4 7. Nf3 Nbd7 8. 0-0 0-0 9. Qe1 Bxf3 10. Rxf3 e6 11. Kh1 e5 12. f5 Kh8 13. Qh4 Nh5 14. Qh3 Kg8 15. Raf1 Nb6 16. Bb3 d5 17. g4 Nf6 18. Bg5 Qd6 19. Qh4 Nbd7 20. Rh3 h5 21. gxh5 Nxh5 22. exd5 cxd5 23. Bxd5 Rfe8 24. fxg6 Ndf6 25. gxf7+ Kf8 26. fxe8Q+ Kxe8 27. Bxf6 Nxf6 28. Bg2 1-0